00187nam a2200073Ia 4500008004100000082000800041100001400049245005000063240331s9999 xx 000 0 und d bTEC aNg, C. ed 0aTechnology and gender :bwomen's work in Asia